000 00828nam a22002771c 4500
001 a987695918
003 RU-10907106
005 20210624120235.0
008 210208s2020 gw |||| 000u ger d
020 _a9783593512914
_9978-3-593-51291-4
040 _cRU-10907106
041 _ager
245 0 4 _aDer geschichtliche Ort der historischen Forschung :
_bdas 20. Jahrhundert, das Lehnswesen und der Feudalismus /
_cSimon Groth
264 _aFrankfurt ; New York :
_bCampus Verlag,
_c2020
300 _a238 Seiten
650 _aLehnswesen
650 _aFeudalismus
650 _aGeschichtswissenschaft
650 _aNormativität
650 _aWissenschaft
650 _aMediävistik
650 _aGeschichtlichkeit
700 1 _aGroth, Simon
_eHerausgeberIn
942 _cMG
_2z
999 _c55947
_d55947
490 0 _aNormative Orders
_v28